00493nam a22001817a 4500003001100000005001700011008004100028040003900069041000800108082001600116100001800132245001700150260005400167300001200221650003600233650002600269650001600295LK-CoMWRAF20240106125611.0240106b |||||||| |||| 00| 0 eng d aLK-CoMWRAFdLK-CoMWRAFeLK-CoMWRAF aeng a297.22bASA aAsadi, Kamber a Body & soul aDubai:bAhl-ul Bait Islamic Foundation, c[19--?] a 116 p. aMuslim pilgrims and pilgrimages aReligious life- Islam aSoul- Islam